Flaggen der Welt mit Vögeln - Statistiken

Allgemein
  • Dieses Quiz wurde 698 mal gespielt
    680 seit der letzten Aktualisierung
  • Das Durchschnittsergebnis liegt bei 11 aus 14
Antwortstatistiken
Bildquiz Antwort % Korrekt
Albanien
100%
Kasachstan
91%
Ägypten
90%
Montenegro
88%
Mexiko
84%
Papua Neuguinea
83%
Ecuador
80%
Uganda
80%
Kiribati
78%
Serbien
77%
Dominica
76%
Fidschi
75%
Sambia
74%
Moldau
70%
Keine übereinstimmenden Quizze gefunden
Verteilung der Resultate
Anzahl Personen mit jedem Resultat
Perzentil nach korrekt beantworteten Fragen
Ihre Resultats-Entwicklung
Sie haben dieses Quiz seit der letzten Aktualisierung nicht gespielt